000 00503nam a2200193Ia 4500
005 20260120131232.0
008 008 260114s9999 xx 000 0 eng d
020 _a9780191796760
037 _aEBOOK
040 _aCRL
_beng
_cCRL
041 _aeng
_2eng
084 _qCRL
100 _aKorman
_9924579
245 0 _aObjects
260 _bOxford University PressOxford University Press
_c2016
856 _uhttps://academic.oup.com/book/6915
942 _cEBOOK
999 _c1516493
_d1516493